| 000 | 00536nam a22001577a 4500 | ||
|---|---|---|---|
| 003 | NUST | ||
| 082 | _a200 | ||
| 100 |
_aKhan, Umair Ali _9123049 |
||
| 245 |
_aHigh bit rate Free Space Optical link based on Pulse Position Modulation and DPSK / _cUmair Ali Khan |
||
| 264 |
_aIslamabad, _bSEECS NUST; _c2024. |
||
| 300 |
_a65,p; _bill; _c30,cm. |
||
| 650 |
_aMS-Electrical Engineering _923567 |
||
| 700 |
_a Supervisor:Dr. Salman Abdul Ghafoor _996748 |
||
| 856 | _uhttp://10.250.8.41:8080/xmlui/handle/123456789/43226 | ||
| 942 |
_2ddc _cTHE |
||
| 999 |
_c609371 _d609371 |
||